مناجات مقبول ;; Munajat-i-maqbul / (Record no. 82710)
[ view plain ]
| 000 -LEADER | |
|---|---|
| fixed length control field | 00740cam a22002171 4500 |
| 003 - CONTROL NUMBER IDENTIFIER | |
| rucl marc code | BD-RjUL |
| 005 - DATE AND TIME OF LATEST TRANSACTION | |
| control field | 20240122103625.0 |
| 008 - FIXED-LENGTH DATA ELEMENTS--GENERAL INFORMATION | |
| fixed length control field | 880607s1964 pk 000 0 ara |
| 035 ## - SYSTEM CONTROL NUMBER | |
| System control number | (BD-RjUL) |
| 040 ## - CATALOGING SOURCE | |
| Original cataloging agency | DLC |
| Transcribing agency | WaU |
| Modifying agency | WaU |
| -- | OCoLC |
| -- | DLC |
| Language of cataloging | eng |
| 082 ## - DEWEY DECIMAL CLASSIFICATION NUMBER | |
| Edition number | 23 |
| Classification number | 297.382 |
| Author mark and year | ABM 1964 |
| 100 1# - MAIN ENTRY--PERSONAL NAME | |
| Personal name | عبدالقيوم, محمد ,Abdul Qayyum, Muhammad |
| Dates associated with a name | 1915- |
| 9 (RLIN) | 10999 |
| 245 10 - TITLE STATEMENT | |
| Title | مناجات مقبول ;; Munajat-i-maqbul / |
| Remainder of title | Urdu transliteration. |
| Statement of responsibility, etc. | محمد عبدالقيوم ; Muhammad Abdul Qayyum |
| 250 ## - EDITION STATEMENT | |
| Edition statement | [1st ed.] |
| 260 ## - PUBLICATION, DISTRIBUTION, ETC. (IMPRINT) | |
| Place of publication, distribution, etc. | Kanpur, |
| Name of publisher, distributor, etc. | Dar i Matbah, |
| Date of publication, distribution, etc. | [1964] |
| 300 ## - PHYSICAL DESCRIPTION | |
| Pagination | 72 p. ; |
| Size | 22 cm. |
| 500 ## - GENERAL NOTE | |
| General note | Selected Islamic prayers. |
| 650 #0 - SUBJECT ADDED ENTRY--TOPICAL TERM | |
| Topical term or geographic name as entry element | Prayers. |
| Topical term or geographic name as entry element | Islam |
| Form subdivision | Prayers and devotions. |
| 9 (RLIN) | 405 |
| 942 ## - ADDED ENTRY ELEMENTS (KOHA) | |
| Source of classification or shelving scheme | Dewey Decimal Classification |
| Koha item type | Books |
| Lost status | Source of classification or shelving scheme | Damaged status | Not for loan | Collection code | Permanent Location | Current Location | Shelving location | Date acquired | Source of acquisition | Full call number | Date last seen | Copy number | Koha item type |
|---|---|---|---|---|---|---|---|---|---|---|---|---|---|
| Dewey Decimal Classification | Not For Loan | Non-fiction | Central Library, University of Rajshahi | Central Library, University of Rajshahi | Reading Room | 22/01/2024 | Golam Maqsud Helali , Sirajgonj | U 297.382 ABM 1964 | 22/01/2024 | C-1 | Books |